| 000 | 00802nam a2200229 a 4500 | ||
|---|---|---|---|
| 001 | 48923 | ||
| 003 | BD-RjUL | ||
| 005 | 20211209054616.0 | ||
| 008 | 160817s1968 b ||||| |||| 00| 0 eng d | ||
| 020 | _c : Tk.3.00 | ||
| 035 | _a(BD-RjUL)49042 | ||
| 040 |
_aBD-RjUL _bben _cBD-RjUL |
||
| 041 | _aben | ||
| 082 |
_223 _a891.441 _bKAP 1968 |
||
| 100 | 1 |
_aকামাল, সুফিয়া _9119184 |
|
| 245 | 1 | 0 |
_a প্রশস্তি ও প্রার্থনা / _cসুফিয়া কামাল. |
| 260 |
_aঢাকা : _bশাহাদত হোসেন , _c১৯৬৮. |
||
| 300 |
_a৮৪ পৃ ; _c২২ সেমি |
||
| 650 |
_aবাঙালি সাহিত্য _vকবিতা _9147092 |
||
| 650 |
_aBangali Literature _vPoetry _9145103 |
||
| 942 |
_2ddc _cBK |
||
| 999 |
_c48923 _d48923 |
||